Countries with First Vowel 'O' - Statistics

General Stats
  • This quiz has been taken 1,173 times
    1,165 since last reset
  • The average score is 28 of 34
Answer Stats
Con Country % Correct
so Bolivia
93%
so Colombia
93%
eu Poland
90%
eu Portugal
90%
eu Norway
88%
eu Romania
88%
as Oman
87%
af South Africa
86%
as South Korea
86%
af Togo
86%
af Morocco
85%
no Dominica
84%
eu Kosovo
84%
eu Monaco
84%
oc Tonga
84%
no Honduras
83%
as North Korea
83%
eu Bosnia and Herzegovina
82%
eu Moldova
82%
eu Montenegro
82%
af South Sudan
82%
no Dominican Republic
81%
af Somalia
80%
af Botswana
79%
no Costa Rica
79%
oc Solomon Islands
79%
eu Slovenia
78%
af Comoros
77%
eu Slovakia
77%
as Mongolia
76%
eu Croatia
75%
as Jordan
73%
af Mozambique
73%
af Côte d'Ivoire
43%
No matching quizzes found
Score Distribution
Percent of People with Each Score
Percentile by Number Answered
Your Score History
You have not taken this quiz since the last reset